000 00848nam a22003010a 4500
001 PT60928
003 AR-LpoUNG
005 20210131232018.0
008 191001s2003||||sp |||||||||||||||||spa d
020 _a8428211434
_c$10
040 _aAR-LpoUNG
_bspa
_cAR-LpoUNG
_eaacr
041 _aspa
044 _asp
082 0 _a808.068 3 557lib
100 1 _aPhilip, Neil
245 1 3 _aEl libro ilustrado de los cuentos de hadas :
_bnarraciones fascinantes de todo el mundo
250 _a1ra. ed., 2da. reimpr.
260 _aBarcelona :
_bOmega,
_c2003.
300 _a160 p. :
_bil.
505 0 _aSugerido a partir de 8 años (etiqueta CELESTE)
650 4 _aCUENTOS
650 4 _aLITERATURA
653 _aLITERATURA INFANTIL
700 1 _aGuirao, María Rosa
_etr.
700 1 _aMistry, Nilesh
_eil.
905 _a60928
942 _cLIB
999 _c13220
_d13220